000 00684nam a2200229 a 4500
999 _c758
_d758
001 758
003 BD-JhCC
005 20171010173958.0
008 171009s2009 bg a|||| |||| 000 0 mul d
020 _a9848685480
035 _a(BD-JhCC) 758
040 _aBD-JhCC
_dBD-JhCC
041 _aBengali and English
082 _223
_a813.54
_bMOJ 2009
100 _aমজিদ, শাকুর
245 _aসক্রেটিসের বাড়ি /
_cশাকুর মজিদ.
260 _aঢাকা :
_bঅন্যপ্রকাশ,
_c২০০৯.
300 _a112p. :
_bill ;
_c22cm.
650 _aTravel
_xBarlin
_xAthens
_zGreece
942 _2ddc
_cBK